000 00560nam a2200181Ia 4500
008 150610s9999 xx 000 0 und d
020 _a9780545165013
050 _aPZ7
_b .C211s 2011  bk. 2  
100 _a Carman, Patrick
245 _aShantorian /
_cPatrick Carman.
250 _a1st ed.
260 _aNew York :
_bScholastic Press,
_c2011.
300 _a169pages ;
_c22 cm.
440 _aTrackers ; bk. 2
_vv.2
520 _aJuvenile fiction.
650 _aComputer crimes
_xJuvenile fiction.
650 _aCriminal investigation
_xJuvenile fiction.
999 _c288072
_d288072